Professeur Layton - Le Grand Quiz - Statistiques

Statistiques générales
  • Ce quiz a été pris 841 fois
    368 depuis la dernière actualisation
  • Le résultat moyen est 19 sur 25
Statistiques - réponses
Groupe Questions Réponses % Correct
Informations générales Quel type de chapeau porte souvent le Professeur Layton? Haut-de-forme
96%
Jeux Complétez le manque dans ce titre de jeu Professeur Layton. La Boîte de {Pandore}
95%
Citations Citation du Professeur Layton: Protéger une jeune femme en détresse est le devoir de tout {gentleman}.
95%
Autres personnages Qui est son fidèle apprenti? Luke Triton
93%
Jeux Complétez le manque dans ce titre de jeu Professeur Layton. L'Etrange {Village}
91%
Informations générales Dans quelle ville vit-il? Londres
91%
Informations générales Qu'aime par dessus tout résoudre le Professeur Layton? Enigmes
90%
Citations Citation du Professeur Layton: Je m'appelle {Hershel} Layton, je n'ai pas besoin d'un autre nom.
85%
Citations Citation du Professeur Layton: Et le {coupable}, c'est vous!
83%
Jeux Complétez le manque dans ce titre de jeu Professeur Layton. Le {Masque} des Miracles
83%
Informations générales Quelle discipline enseigne-t-il initialement? Archéologie
81%
Jeux Complétez le manque dans ce titre de jeu Professeur Layton. L'{Appel} du Spectre
80%
Autres œuvres et médias Avec quelle licence la série a-t-elle eu droit à un crossover en 2014? Ace Attorney
79%
Informations générales Quel éditeur a créé le Professeur Layton? Level-5
75%
Autres personnages Qui est son assistante? Emmy Altava
71%
Informations générales Quel mouvement caractérise le Professeur, lorsqu'il découvre une solution? Pointé du doigt
70%
Autres œuvres et médias Quel film d'animation basé sur cet univers est sorti en 2009? La {Diva} éternelle
69%
Autres personnages Quelle orpheline l'accompagne lors de certaines de ses aventures? Flora Reinhold
64%
Autres œuvres et médias Quel autre personnage de jeu vidéo, compagnon de Ratchet, a également pour doubleur Martial Le Minoux? Clank
60%
Autres personnages Qui est sa fille adoptive? Katrielle Layton
58%
Autres personnages Qui est son ennemi juré dans la première trilogie? Don Paolo
56%
Autres personnages Qui est son ennemi juré dans la seconde trilogie? Jean Descole
56%
Autres œuvres et médias Dans quelle autre licence le Professeur Layton est-il le capitaine d'une équipe de football? Inazuma Eleven
50%
Autres personnages Avec quels inspecteurs de Scotland Yard a-t-il été amené à collaborer? Chelmey
46%
Autres personnages Avec quels inspecteurs de Scotland Yard a-t-il été amené à collaborer? Clamp Grosky
40%
Aucun quiz correspondant
Distribution des résultats
% des personnes avec chaque résultat
Percentile par nombre de réponses
Votre historique - résultats
Vous n’avez pas pris ce quiz depuis la dernière actualisation